La tragedia del Congo /

Guardado en:
Bibliografiske detaljer
Andre forfattere: Williams, George Washington (carta) (carta), Casement, Roger (autor) (autor), Doyle, Arthur Conan (autor) (autor), Twain, Mark (autor) (autor)
Format: Bog
Sprog:spansk
Udgivet: México : A Coruña, España : Alfaguara ; Ediciones del Viento, 2010, c2010
Fag:
Tags: Tilføj Tag
Ingen Tags, Vær først til at tagge denne postø!

MARC

LEADER 00000nam^a2200000^a^4500
001 000311080
005 20250521000000.0
009 20260310113034.665
020 |a 978-607-11-0849-4 
037 |a Acervo ITESO - Biblioteca 
041 |a ESP 
082 |a 967. 51022  |b TRA 
245 0 3 |a La tragedia del Congo /  |c G.G. Williams... [et al.] ; tr. por Susana Carral Martínez, Lorenzo Félix Díaz Buendía. 
264 4 |a México :  |b Alfaguara ;  |a A Coruña, España :  |b Ediciones del Viento,  |c 2010, c2010 
300 |a 410 p. 
336 |a texto  |b txt  |2 rdacontenido 
337 |a sin mediación  |b n  |2 rdamedio 
338 |a volumen  |b nc  |2 rdasoporte 
500 |a Traducción de: An Open Letter to His Serene Majesty Leopold II, King of the Belgians and Sovereign of the Independent State of Congo 
500 |a Traducción de: The Congo Report 
500 |a Traducción de: The Crime of the Congo 
500 |a Traducción de: King Leopold's Soliloquy 
649 |a XX 
650 |a Diplomáticos Irlandeses -  |x Informes 
650 |a Diplomáticos Británicos -  |x Informes 
650 |a Políticos Afroamericanos 
650 |a Políticos Norteamericanos 
650 |a Reyes Belgas 
650 |a Políticos Belgas 
650 |a Cartas Norteamericanas 
650 |a Cuentos Norteamericanos 
650 |a Sátira Norteamericana 
650 |a Ensayos Escoceses 
650 |a Ensayos Ingleses 
650 |a Literatura y Política 
650 |a Literatura Norteamericana -  |y Siglo XX 
650 |a Literatura Escocesa -  |y Siglo XX 
650 |a Literatura Inglesa -  |y Siglo XX 
650 |a Esclavitud -  |z Zaire -  |x Historia -  |y Estado Libre del Congo, 1885-1908 
650 |a Genocidio -  |z Zaire -  |x Historia -  |y Estado Libre del Congo, 1885-1908 
650 |a Crímenes contra la Humanidad -  |z Zaire -  |x Historia -  |y Estado Libre del Congo, 1885-1908 -  |x Tema Principal 
650 |a Imperialismo -  |z Zaire -  |x Historia -  |y Estado Libre del Congo, 1885-1908 
650 |a Bélgica -  |x Historia -  |y Leopoldo II, 1865-1909 
650 |a Bélgica -  |x Historia -  |y Siglo XIX 
650 |a Bélgica -  |x Historia -  |y Casa de Sajonia-Coburgo y Gotha, 1831 en Adelante 
650 |a Zaire en la Literatura 
650 |a Zaire -  |x Historia -  |y Estado Libre del Congo, 1885-1908 -  |x Tema Principal 
650 |a Zaire -  |x Historia -  |y Epoca Colonial, 1885-1960 
650 |a Zaire -  |x Historia -  |y Siglo XIX 
650 |a Zaire -  |x Historia -  |y Siglo XX 
650 |a Historia Moderna -  |y 1880-1889 
650 |a Historia Moderna -  |y 1890-1899 
650 |a Historia Moderna -  |y Siglo XIX 
650 |a Historia Moderna -  |y 1900-1909 
650 |a Historia Moderna -  |y Siglo XX 
650 |a Casement, Roger 
650 |a Leopoldo II,  |c Rey de Bélgica 
650 |a Williams, George Washington 
740 0 |a Carta al rey Leopoldo /  |c Carta de G.G. Williams ; tr. por Susana Carral Martínez. 
740 0 |a Informe general del señor Casement al marqués de Lansdowne /  |c R. Casement ; tr. por Susana Carral Martínez. 
740 3 |a El crimen del Congo /  |c A.C. Doyle ; tr. por Lorenzo Félix Díaz Buendía. 
740 3 |a El soliloquio del rey Leopoldo /  |c M. Twain. 
700 |a Williams, George Washington  |e (carta) 
700 |a Casement, Roger  |e (autor) 
700 |a Doyle, Arthur Conan  |e (autor) 
700 |a Twain, Mark  |e (autor) 
910 |a Fondo General 
920 |a Impresos - Libros 
930 |a Colección General 
905 |a 101 
901 |a 0500197636  |b IT1  |c ACC  |i C127622  |u 20250521 
902 |a https://opac.biblio.iteso.mx/vufind/Record/000311080